000 00626njm a2200253 c 4500
003 BLK
005 20181210120513.0
008 180410b bul||n||s|||||||| n|bulo|
010 _aCDD00003781000
040 _aBLK
041 _aBUL
_cENG
700 1 _aQueen
_eизп.
_921858
139 _aQueen
_bQ 39
245 1 0 _aInnuendo [аудио CD]
_cизп. Queen.
257 _aBGR
260 S. l.
_c1991
380 _a7
590 _aS.N: 93127 от КНИГИ
852 _aЦб CD 2404
_p0
856 4 _qpdf
_u
856 4 _qpdf
_u
942 _cCDD
_n0
_01
944 _aCR
_c16.12.2009
_kВаля_Йорданова
944 _aED
_c16.12.2009
_k
999 _c221280
_d221280